000
00240nam a2200097Ia 4500
001
735557
005
20250826163855.0
008
250824s9999 xx 000 0 und d
245
0
_a
KIZIM, BEN ÇOCUKKEN
_c
AYTÜL AKAL
260
_b
TUDEM YAYINLARI
999
_c
735557
_d
735557